00389 a2200109 4500001001000000005001700010008004100027245012100068100002000189773005300209999001700262ART_3807620260410161738.0260409a 10aEl encuadre convencional del personal del consejo Profesional de agrimensura, Geología e Ingeniería de Neuquén1 aSlavin, Luis P.0 tDoctrina laboralg- Nº 363 (nov. 2015)wREV4049 c18491d18491